Multiculturalism and international law : (Record no. 38268)
[ view plain ]
| 000 -LEADER | |
|---|---|
| fixed length control field | 01083cam a2200241 a 4500 |
| 020 ## - INTERNATIONAL STANDARD BOOK NUMBER | |
| ISBN | 9789604452682 |
| 041 0# - LANGUAGE CODE | |
| Language code of text/sound track or separate title | eng. |
| 082 ## - DEWEY DECIMAL CLASSIFICATION NUMBER | |
| Classification number | 341 |
| Item number | MUL- |
| 245 00 - TITLE STATEMENT | |
| Title | Multiculturalism and international law : |
| Sub Title | 2004 international law session / |
| Statement of responsibility, etc | edited by Kalliopi Koufa. |
| 246 30 - VARYING FORM OF TITLE | |
| Title proper/short title | 2004 international law center |
| 260 ## - PUBLICATION, DISTRIBUTION, ETC. (IMPRINT) | |
| Place of publication | Thessaloniki, Greece : |
| Name of publisher | Sakkoulas Publications, |
| Year of publication | 2006. |
| 300 ## - PHYSICAL DESCRIPTION | |
| Number of Pages | x, 503p. |
| Other physical details | ports ; |
| 500 ## - GENERAL NOTE | |
| General note | At head of title: Institute of International Public Law and International Relations of Thessaloniki |
| 500 ## - GENERAL NOTE | |
| General note | Includes lectures delivered and papers presented during the annual session of courses organized by the Institute |
| 504 ## - BIBLIOGRAPHY, ETC. NOTE | |
| Bibliography, etc | Includes bibliographical references. |
| 546 ## - LANGUAGE NOTE | |
| Language note | English and French |
| 650 #0 - SUBJECT ADDED ENTRY--TOPICAL TERM | |
| Topical Term | Multiculturalism |
| General subdivision | Law and legislation |
| Form subdivision | Congresses. |
| 650 #0 - SUBJECT ADDED ENTRY--TOPICAL TERM | |
| Topical Term | Minorities |
| General subdivision | Legal status, laws, etc. |
| Form subdivision | Congresses. |
| 650 #0 - SUBJECT ADDED ENTRY--TOPICAL TERM | |
| Topical Term | Minorities |
| General subdivision | Civil rights |
| Form subdivision | Congresses. |
| 700 1# - ADDED ENTRY--PERSONAL NAME | |
| Personal name | Koufa, Kalliopi |
| Relator term | editor. |
| 710 2# - ADDED ENTRY--CORPORATE NAME | |
| Corporate name or jurisdiction name as entry element | Institouton Diethnous Dēmosiou Dikaiou kai Diethnōn Scheseōn Thessalonikēs. |
| 942 ## - ADDED ENTRY ELEMENTS (KOHA) | |
| Source of classification or shelving scheme | Dewey Decimal Classification |
| Koha item type | Books |
| Withdrawn status | Lost status | Damaged status | Not for loan | Home library | Current library | Date acquired | Source of acquisition | Cost, normal purchase price | Full call number | Accession Number | Cost, replacement price | Price effective from | Koha item type |
|---|---|---|---|---|---|---|---|---|---|---|---|---|---|
| NASSDOC Library | NASSDOC Library | 16/03/2023 | Overseas | 0.00 | 341 MUL- | 52634 | 0.00 | 11/05/2023 | Books |
